Advanced calculus: a differential forms approach
Enregistré dans:
| Auteur principal: | |
|---|---|
| Format: | Livre |
| Langue: | anglais |
| Publié: |
Boston
Birkhauser
1969
|
| Édition: | 1a. ed |
| Sujets: | |
| Tags: |
Ajouter un tag
Pas de tags, Soyez le premier à ajouter un tag!
|
MARC
| LEADER | 00000cam a2200000 a 4500 | ||
|---|---|---|---|
| 001 | UCE9716 | ||
| 003 | CL-VaPUC | ||
| 008 | 151106e19690000us |||||||||||||||||eng|d | ||
| 020 | |a 0817637079 | ||
| 082 | 0 | 4 | |a 519 |b EDW |2 21 |
| 100 | 0 | |a Edwards, Harold M |e author |9 582605 | |
| 245 | 1 | 0 | |a Advanced calculus: a differential forms approach |
| 250 | |a 1a. ed | ||
| 300 | |a 508 p | ||
| 942 | |c BK | ||
| 945 | |d 20151106 14:16:00 |a dcastane | ||
| 260 | |a Boston |b Birkhauser |c 1969 | ||
| 650 | 7 | |a CALCULO AVANZADO |2 CL-VaPUC |9 360209 | |
| 650 | 0 | |a Análisis matemático |9 260146 | |
| 583 | |a last modification |c 20151106 14:16:00 |k Rodrigo Vera | ||
| 999 | |c 361361 |d 361359 | ||
| 952 | |0 0 |1 0 |3 erd |4 0 |6 519_000000000000000_EDW_1969 |7 0 |8 A |9 471801 |a BIBMAT |b BIBMAT |i 5246482 |o 519 EDW 1969 |p 5246482 |r 2025-01-07 |w 2019-11-24 |y BK |z Catalogado en:20151106 |k MAT | ||